书目信息 |
| 题名: |
海湾诸国
|
|
| 作者: | 李玉柱...[等] , 李玉柱 编著 | |
| 分册: | ||
| 出版信息: | 北京 军事谊文出版社 1995.5 |
|
| 页数: | 232页 | |
| 开本: | 19cm | |
| 丛书名: | 世界各国知识丛书.亚洲卷 | |
| 单 册: | ||
| 中图分类: | Z1 | |
| 科图分类: | ||
| 主题词: | 丛书 | |
| 电子资源: | ||
| ISBN: | 7-80027-649-X | |
| 000 | 00642nam0 2200229 45 | |
| 001 | 0004191085 | |
| 005 | 20040519092114.0 | |
| 010 | @a7-80027-649-X@dCNY65.00 | |
| 100 | @a20000419d1995 km y0chiy0120 ea | |
| 101 | @achi | |
| 105 | @a z 000yy | |
| 200 | 1 | @a海湾诸国@f李玉柱等编著@FLi Yu Zhu Deng Bian Zhu |
| 210 | @a北京@c军事谊文出版社@d1995.5 | |
| 215 | @a232页@d19cm | |
| 225 | @a世界各国知识丛书.亚洲卷 | |
| 410 | @12001 @a世界各国知识丛书.亚洲卷 | |
| 606 | 0 | @a丛书 |
| 690 | @aZ1@v1 | |
| 701 | @a李玉柱...[等]@4编著 | |
| 701 | 0 | @a李玉柱@4编著 |
| 801 | @aCN@bPFTUser@c20000419 | |
| 905 | @f1@b287916@dZ1@e56:1(11)@b287914@f1 | |
| 海湾诸国/李玉柱等编著.-北京:军事谊文出版社,1995.5 |
| 232页;19cm.-(世界各国知识丛书.亚洲卷) |
| ISBN 7-80027-649-X:CNY65.00 |
| ● |
| 相关链接 |
|
|
|
|
正题名:海湾诸国
索取号:Z1/56:1(11)
 
预约/预借
| 序号 | 登录号 | 条形码 | 馆藏地/架位号 | 状态 | 备注 |
| 1 | 0287914 | 002879148 | 第三借阅区/ [索取号:Z1/56:1(11)] | 在馆 | |
| 2 | 0287915 | 002879157 | 第二样本阅览室/ [索取号:Z1/56:1(11)] | 在馆 | |
| 3 | 0287916 | 002879166 | 第三借阅区/ [索取号:Z1/56:1(11)] | 在馆 |